[Event "RM-2022-0-00275"]
[Site "LSS email"]
[Date "2022.12.16"]
[Round "?"]
[White "Baltar, Antoni"]
[Black "Mostowik, Daniel"]
[Result "1/2-1/2"]
[WhiteElo "2263"]
[BlackElo "2280"]
[PlyCount "36"]
[EventDate "2022.10.30"]
[EventType "tourn (corr)"]
[EventRounds "6"]
[EventCountry "GER"]
[SourceTitle "Corr 2024"]
[Source "ChessBase"]
[SourceDate "2023.10.19"]
[SourceVersion "1"]
[SourceVersionDate "2023.10.19"]
[SourceQuality "1"]

1. e4 e5 2. Nf3 Nc6 3. d4 exd4 4. Bc4 Bb4+ 5. c3 dxc3 6. 0-0 Nf6 7. a3 Be7 8. e5 Ng4 9. Re1 cxb2 10. Bxb2 d6 11. exd6 Qxd6 12. Qc2 0-0 13. Nbd2 Bf6 14. Ne4 Qf4 15. Nxf6+ Nxf6 16. Bd3 h6 17. Bc1 Qd6 18. Bb2 Qf4 1/2-1/2

[Event "RM-2022-0-00275"]
[Site "LSS email"]
[Date "2022.12.16"]
[Round "?"]
[White "Mostowik, Daniel"]
[Black "Zholob, Anatolij"]
[Result "1-0"]
[WhiteElo "2280"]
[BlackElo "2216"]
[PlyCount "69"]
[EventDate "2022.10.30"]
[EventType "tourn (corr)"]
[EventRounds "6"]
[EventCountry "GER"]
[SourceTitle "Corr 2024"]
[Source "ChessBase"]
[SourceDate "2023.10.19"]
[SourceVersion "1"]
[SourceVersionDate "2023.10.19"]
[SourceQuality "1"]

1. e4 e6 2. d4 d5 3. Nc3 Bb4 4. e5 c5 5. a3 Bxc3+ 6. bxc3 Ne7 7. Qg4 Qc7 8. Qxg7 Rg8 9. Qxh7 Nbc6 10. f4 cxd4 11. Nf3 dxc3 12. h4 Bd7 13. Ng5 0-0-0 14. Qd3 d4 15. Nxf7 Nf5 16. Rb1 Rdf8 17. Ng5 Rh8 18. h5 Rhg8 19. Nf3 Rg4 20. Rh3 Be8 21. Kf2 Qe7 22. h6 Rh8 23. Ng5 Rxh6 24. Rxh6 Nxh6 25. Be2 Rh4 26. Bf3 Nf7 27. Ne4 Rh8 28. a4 a6 29. Qc4 Nfd8 30. Nd6+ Kb8 31. Ba3 Qh4+ 32. g3 Qh2+ 33. Bg2 Qh7 34. f5 a5 35. Bc5 1-0

[Event "RM-2022-0-00275"]
[Site "LSS email"]
[Date "2022.12.16"]
[Round "?"]
[White "Ozen, Bahadir"]
[Black "Mostowik, Daniel"]
[Result "1/2-1/2"]
[WhiteElo "2247"]
[BlackElo "2280"]
[PlyCount "56"]
[EventDate "2022.10.30"]
[EventType "tourn (corr)"]
[EventRounds "6"]
[EventCountry "GER"]
[SourceTitle "Corr 2024"]
[Source "ChessBase"]
[SourceDate "2023.10.19"]
[SourceVersion "1"]
[SourceVersionDate "2023.10.19"]
[SourceQuality "1"]

1. e4 e5 2. Nf3 Nc6 3. Bc4 Nf6 4. d3 Bc5 5. c3 0-0 6. 0-0 d6 7. h3 h6 8. Re1 a5 9. Nbd2 Be6 10. Bb5 Qb8 11. Nf1 Qa7 12. d4 exd4 13. Bxc6 dxc3 14. Ba4 Bxf2+ 15. Kh2 Bxe1 16. Qxe1 d5 17. Be3 Qa6 18. e5 cxb2 19. Rb1 Ne4 20. Rxb2 Qd3 21. Bc2 Qa3 22. Rb1 a4 23. Nd4 c5 24. Nxe6 fxe6 25. Bxe4 dxe4 26. Bxh6 Rf7 27. Ne3 gxh6 28. Ng4 Kg7 1/2-1/2

[Event "RM-2022-0-00275"]
[Site "LSS email"]
[Date "2022.12.16"]
[Round "?"]
[White "Susla, Vitaliy"]
[Black "Mostowik, Daniel"]
[Result "1/2-1/2"]
[WhiteElo "2293"]
[BlackElo "2280"]
[PlyCount "37"]
[EventDate "2022.10.30"]
[EventType "tourn (corr)"]
[EventRounds "6"]
[EventCountry "GER"]
[SourceTitle "Corr 2024"]
[Source "ChessBase"]
[SourceDate "2023.10.19"]
[SourceVersion "1"]
[SourceVersionDate "2023.10.19"]
[SourceQuality "1"]

1. e4 e5 2. Nf3 Nc6 3. Bb5 Nf6 4. 0-0 Nxe4 5. d4 Nd6 6. Bxc6 dxc6 7. dxe5 Nf5 8. Qxd8+ Kxd8 9. h3 Be7 10. Nc3 Nh4 11. Nxh4 Bxh4 12. f4 g6 13. b3 Bf5 14. Rd1+ Kc8 15. g4 Be6 16. Rf1 b6 17. Kh2 Rg8 18. Ne4 Kb7 19. Be3 1/2-1/2

[Event "ZH-2022-0-02091"]
[Site "LSS email"]
[Date "2022.12.10"]
[Round "?"]
[White "Mostowik, Daniel"]
[Black "Ozen, Bahadir"]
[Result "1/2-1/2"]
[WhiteElo "2280"]
[BlackElo "2258"]
[PlyCount "46"]
[EventDate "2022.12.10"]
[EventType "match (corr)"]
[EventRounds "2"]
[EventCountry "GER"]
[SourceTitle "Corr 2024"]
[Source "ChessBase"]
[SourceDate "2023.10.19"]
[SourceVersion "1"]
[SourceVersionDate "2023.10.19"]
[SourceQuality "1"]

1. d4 d5 2. Nf3 Nf6 3. g3 c5 4. dxc5 e6 5. a3 Bxc5 6. b4 Be7 7. Bg2 0-0 8. 0-0 b5 9. Bb2 a5 10. Nbd2 axb4 11. axb4 Rxa1 12. Qxa1 Bxb4 13. Rb1 Nc6 14. e3 Be7 15. Nd4 Nxd4 16. Bxd4 Bd7 17. Bf1 b4 18. Bd3 Qa8 19. Nb3 Qa3 20. Bc5 Qxa1 21. Rxa1 Bxc5 22. Nxc5 Rc8 23. Ra5 Rb8 1/2-1/2

[Event "SM-2022-0-00494"]
[Site "LSS email"]
[Date "2022.12.09"]
[Round "?"]
[White "Cirulis, Ilmars"]
[Black "Mostowik, Daniel"]
[Result "1/2-1/2"]
[WhiteElo "2263"]
[BlackElo "2280"]
[PlyCount "76"]
[EventDate "2022.11.14"]
[EventType "tourn (corr)"]
[EventRounds "6"]
[EventCountry "GER"]
[SourceTitle "Corr 2024"]
[Source "ChessBase"]
[SourceDate "2023.10.19"]
[SourceVersion "1"]
[SourceVersionDate "2023.10.19"]
[SourceQuality "1"]

1. e4 e5 2. Nc3 Nc6 3. Nf3 Nf6 4. Bb5 Nd4 5. Nxd4 exd4 6. e5 dxc3 7. exf6 Qxf6 8. dxc3 Bc5 9. Qe2+ Qe6 10. Qxe6+ fxe6 11. Bf4 a6 12. Bd3 d6 13. f3 0-0 14. Bd2 e5 15. Bc4+ Kh8 16. 0-0-0 Bd7 17. b4 Bf2 18. Bd3 b5 19. Kb2 a5 20. h4 c6 21. Rhf1 Bb6 22. f4 Be6 23. fxe5 Rxf1 24. Rxf1 dxe5 25. a4 bxa4 26. Ka3 Bd5 27. Re1 Bc7 28. Be4 Bxe4 29. Rxe4 Kg8 30. Rc4 axb4+ 31. cxb4 Ra6 32. h5 Kf7 33. h6 g6 34. Re4 Ke6 35. c4 Bb6 36. Bc3 Bc7 37. Re2 Ra8 38. Bd2 Bb6 1/2-1/2

[Event "SM-2022-0-00494"]
[Site "LSS email"]
[Date "2022.12.09"]
[Round "?"]
[White "Mostowik, Daniel"]
[Black "Zholob, Anatolij"]
[Result "1/2-1/2"]
[WhiteElo "2280"]
[BlackElo "2202"]
[PlyCount "60"]
[EventDate "2022.11.14"]
[EventType "tourn (corr)"]
[EventRounds "6"]
[EventCountry "GER"]
[SourceTitle "Corr 2024"]
[Source "ChessBase"]
[SourceDate "2023.10.19"]
[SourceVersion "1"]
[SourceVersionDate "2023.10.19"]
[SourceQuality "1"]

1. e4 e6 2. d4 d5 3. Nc3 Bb4 4. e5 c5 5. a3 Bxc3+ 6. bxc3 Ne7 7. Qg4 cxd4 8. Qxg7 Rg8 9. Qxh7 Qc7 10. Qd3 Qxe5+ 11. Ne2 dxc3 12. Qxc3 Qxc3+ 13. Nxc3 Nbc6 14. f3 e5 15. Rb1 b6 16. Nb5 Kd8 17. Kf2 Bf5 18. Rb2 Kd7 19. a4 d4 20. g4 Be6 21. h4 Nd5 22. Bd3 Raf8 23. Bh6 Re8 24. Rbb1 Ncb4 25. Be4 Rc8 26. Bd2 Nf6 27. Nxd4 Nxe4+ 28. fxe4 Nxc2 29. Nf3 Bxg4 30. Nxe5+ Ke6 1/2-1/2

[Event "SM-2022-0-00482"]
[Site "LSS email"]
[Date "2022.09.20"]
[Round "?"]
[White "Martin, Simone"]
[Black "Mostowik, Daniel"]
[Result "1/2-1/2"]
[WhiteElo "2232"]
[BlackElo "2261"]
[PlyCount "42"]
[EventDate "2022.09.02"]
[EventType "tourn (corr)"]
[EventRounds "6"]
[EventCountry "GER"]
[SourceTitle "Corr 2024"]
[Source "ChessBase"]
[SourceDate "2023.10.19"]
[SourceVersion "1"]
[SourceVersionDate "2023.10.19"]
[SourceQuality "1"]

1. e4 c5 2. Nf3 d6 3. d4 cxd4 4. Nxd4 Nf6 5. Nc3 a6 6. Be3 e5 7. Nb3 Be6 8. Qd2 Nbd7 9. f3 h5 10. Nd5 Bxd5 11. exd5 g6 12. Be2 Bg7 13. 0-0 a5 14. a4 h4 15. Bb5 Kf8 16. c4 b6 17. f4 h3 18. fxe5 Nxe5 19. g3 Kg8 20. Rae1 Nfg4 21. Bd4 Ra7 1/2-1/2

[Event "SM-2022-0-00482"]
[Site "LSS email"]
[Date "2022.09.20"]
[Round "?"]
[White "Mostowik, Daniel"]
[Black "Ozen, Bahadir"]
[Result "1/2-1/2"]
[WhiteElo "2261"]
[BlackElo "2256"]
[PlyCount "36"]
[EventDate "2022.09.02"]
[EventType "tourn (corr)"]
[EventRounds "6"]
[EventCountry "GER"]
[SourceTitle "Corr 2024"]
[Source "ChessBase"]
[SourceDate "2023.10.19"]
[SourceVersion "1"]
[SourceVersionDate "2023.10.19"]
[SourceQuality "1"]

1. d4 d5 2. Nf3 Nf6 3. e3 c5 4. Be2 Nc6 5. 0-0 Bg4 6. h3 Bxf3 7. Bxf3 cxd4 8. exd4 e6 9. Re1 Bd6 10. c4 0-0 11. cxd5 Nxd5 12. Nc3 Bb4 13. Bd2 Nde7 14. a3 Ba5 15. Be3 Nd5 16. Rc1 Nxe3 17. fxe3 Rc8 18. Re2 Bb6 1/2-1/2

[Event "SM-2022-0-00471"]
[Site "LSS email"]
[Date "2022.05.30"]
[Round "?"]
[White "Mostowik, Daniel"]
[Black "Nichols, Scott"]
[Result "1/2-1/2"]
[WhiteElo "2262"]
[BlackElo "2328"]
[PlyCount "35"]
[EventDate "2022.04.09"]
[EventType "tourn (corr)"]
[EventRounds "6"]
[EventCountry "GER"]
[SourceTitle "Corr 2024"]
[Source "ChessBase"]
[SourceDate "2023.10.19"]
[SourceVersion "1"]
[SourceVersionDate "2023.10.19"]
[SourceQuality "1"]

1. d4 Nf6 2. c4 e6 3. Nf3 d5 4. Nc3 c6 5. e3 Nbd7 6. Qc2 Bd6 7. Bd3 dxc4 8. Bxc4 0-0 9. 0-0 b5 10. Bd3 Bb7 11. a3 Rc8 12. b4 a5 13. Rb1 c5 14. bxc5 Bxf3 15. gxf3 Nxc5 16. dxc5 Rxc5 17. Rxb5 Nd5 18. Rxc5 1/2-1/2

[Event "SM-2022-0-00471"]
[Site "LSS email"]
[Date "2022.05.28"]
[Round "?"]
[White "Mostowik, Daniel"]
[Black "Cirulis, Ilmars"]
[Result "1/2-1/2"]
[WhiteElo "2262"]
[BlackElo "2276"]
[PlyCount "68"]
[EventDate "2022.04.09"]
[EventType "tourn (corr)"]
[EventRounds "6"]
[EventCountry "GER"]
[SourceTitle "Corr 2024"]
[Source "ChessBase"]
[SourceDate "2023.10.19"]
[SourceVersion "1"]
[SourceVersionDate "2023.10.19"]
[SourceQuality "1"]

1. d4 d5 2. c4 c6 3. Nf3 Nf6 4. e3 Bf5 5. Nc3 e6 6. Nh4 Bg6 7. Nxg6 hxg6 8. Bd2 Nbd7 9. Qb3 Qc7 10. cxd5 exd5 11. 0-0-0 a5 12. Qc2 Rxh2 13. Rxh2 Qxh2 14. a3 Be7 15. Kb1 Rd8 16. f3 Nf8 17. Qa4 Qc7 18. Bd3 Ne6 19. Ne2 Ra8 20. Rc1 b5 21. Qc2 Rc8 22. e4 Qb6 23. e5 Ng8 24. Be3 b4 25. axb4 axb4 26. Qa4 Kd7 27. Nf4 Nxf4 28. Bxf4 Bd8 29. Rc5 Ne7 30. Bg5 Rc7 31. Bxe7 Kxe7 32. f4 Ra7 33. Qxc6 Qxc6 34. Rxc6 b3 1/2-1/2

[Event "RM-2021-0-00248"]
[Site "LSS email"]
[Date "2021.12.09"]
[Round "?"]
[White "Langeveld, Michel"]
[Black "Mostowik, Daniel"]
[Result "1/2-1/2"]
[WhiteElo "2321"]
[BlackElo "2247"]
[PlyCount "52"]
[EventDate "2021.08.31"]
[EventType "tourn (corr)"]
[EventRounds "6"]
[EventCountry "GER"]
[SourceTitle "Corr 2024"]
[Source "ChessBase"]
[SourceDate "2023.10.19"]
[SourceVersion "1"]
[SourceVersionDate "2023.10.19"]
[SourceQuality "1"]

1. e4 e5 2. Nf3 Nc6 3. Bb5 a6 4. Ba4 Nf6 5. 0-0 Be7 6. Re1 b5 7. Bb3 0-0 8. c3 d5 9. exd5 Nxd5 10. Nxe5 Nxe5 11. Rxe5 c6 12. Re1 Bd6 13. d3 Bf5 14. Qf3 Qh4 15. g3 Qh3 16. Be3 Bxd3 17. Nd2 Bf5 18. Bxd5 cxd5 19. Qxd5 Rfd8 20. Qf3 Bf8 21. a3 Be6 22. Bb6 Bd5 23. Ne4 Rd7 24. Ng5 Bxf3 25. Nxh3 Rd2 26. b4 h6 1/2-1/2

[Event "RM-2021-0-00248"]
[Site "LSS email"]
[Date "2021.12.09"]
[Round "?"]
[White "Mostowik, Daniel"]
[Black "Sundqvist, Christer"]
[Result "1/2-1/2"]
[WhiteElo "2247"]
[BlackElo "2200"]
[PlyCount "98"]
[EventDate "2021.08.31"]
[EventType "tourn (corr)"]
[EventRounds "6"]
[EventCountry "GER"]
[SourceTitle "Corr 2024"]
[Source "ChessBase"]
[SourceDate "2023.10.19"]
[SourceVersion "1"]
[SourceVersionDate "2023.10.19"]
[SourceQuality "1"]

1. e4 c5 2. Nf3 Nc6 3. d4 cxd4 4. Nxd4 Nf6 5. Nc3 e5 6. Ndb5 d6 7. Nd5 Nxd5 8. exd5 Nb8 9. c4 Be7 10. Bd3 0-0 11. 0-0 a6 12. Nc3 f5 13. f3 Nd7 14. Kh1 b6 15. a3 Nc5 16. Bc2 a5 17. b3 Ba6 18. Be3 Bg5 19. Bg1 Rc8 20. Rb1 g6 21. Bd3 h5 22. Be2 h4 23. b4 Nd7 24. bxa5 bxa5 25. Nb5 Nc5 26. Na7 Rb8 27. Nc6 Rxb1 28. Qxb1 Qc7 29. Qb2 Bf6 30. h3 Bb7 31. Na7 Ba6 32. Nb5 Qd8 33. Rb1 e4 34. Nd4 Kh7 35. Qb6 Re8 36. Qxd8 Bxd8 37. Rb8 Rg8 38. Bh2 Bf6 39. Rxg8 Kxg8 40. Nb5 Be5 41. Nxd6 Bxh2 42. Kxh2 e3 43. f4 Kf8 44. Nb5 Ne4 45. Nd4 Ng3 46. Bd3 Nh5 47. Ne2 Nf6 48. Nc1 Nh5 49. Ne2 Nf6 1/2-1/2

[Event "ZH-2021-0-01965"]
[Site "LSS email"]
[Date "2021.11.06"]
[Round "?"]
[White "Dominguez Rodriguez, Yosvany"]
[Black "Mostowik, Daniel"]
[Result "1/2-1/2"]
[WhiteElo "2121"]
[BlackElo "2239"]
[PlyCount "49"]
[EventDate "2021.10.08"]
[EventType "match (corr)"]
[EventRounds "2"]
[EventCountry "GER"]
[SourceTitle "Corr 2024"]
[Source "ChessBase"]
[SourceDate "2023.10.19"]
[SourceVersion "1"]
[SourceVersionDate "2023.10.19"]
[SourceQuality "1"]

1. e4 e5 2. Nf3 Nc6 3. Bb5 Nf6 4. 0-0 Nxe4 5. d4 Nd6 6. Bxc6 dxc6 7. dxe5 Nf5 8. Qxd8+ Kxd8 9. h3 Be7 10. Nc3 h5 11. Rd1+ Ke8 12. Bg5 Be6 13. Rd2 Rg8 14. Ne2 Bd5 15. Bxe7 Kxe7 16. Nfd4 Nxd4 17. Nxd4 g6 18. Rad1 Rgd8 19. a4 a5 20. f4 Be4 21. Re1 Bf5 22. Kf2 Bd7 23. Red1 Rac8 24. Ke3 c5 25. Nb5 1/2-1/2

[Event "LSS No Engine Cup 215 Final"]
[Site "LSS email"]
[Date "2021.09.19"]
[Round "?"]
[White "Langheld, Werner"]
[Black "Mostowik, Daniel"]
[Result "1/2-1/2"]
[WhiteElo "2038"]
[BlackElo "2016"]
[PlyCount "65"]
[EventDate "2021.09.19"]
[EventType "tourn (corr)"]
[EventRounds "6"]
[EventCountry "GER"]
[SourceTitle "Corr 2024"]
[Source "ChessBase"]
[SourceDate "2023.10.19"]
[SourceVersion "1"]
[SourceVersionDate "2023.10.19"]
[SourceQuality "1"]

1. e4 e5 2. Nf3 Nc6 3. Nc3 Nf6 4. d4 exd4 5. Nd5 Nb4 6. Nxf6+ Qxf6 7. Bc4 Bc5 8. 0-0 d6 9. e5 dxe5 10. Bg5 Qf5 11. Re1 Bd6 12. c3 0-0 13. cxb4 e4 14. Nxd4 Qxg5 15. Rxe4 Bxb4 16. Qe2 Qf6 17. Rd1 a6 18. Nf3 Bf5 19. Bxf7+ Qxf7 20. Rxb4 Rae8 21. Qd2 c5 22. Rb3 b5 23. Ra3 Bc8 24. Re1 Bb7 25. h3 Qg6 26. Rxe8 Rxe8 27. Re3 Rxe3 28. Qxe3 h6 29. a3 a5 30. Kh2 c4 31. Qe5 Bxf3 32. gxf3 Qg5 33. Qe8+ 1/2-1/2

[Event "LSS No Engine Cup 215 Final"]
[Site "LSS email"]
[Date "2021.09.19"]
[Round "?"]
[White "Mostowik, Daniel"]
[Black "Potapov, Evgeniy"]
[Result "1-0"]
[WhiteElo "2016"]
[BlackElo "1955"]
[PlyCount "133"]
[EventDate "2021.09.19"]
[EventType "tourn (corr)"]
[EventRounds "6"]
[EventCountry "GER"]
[SourceTitle "Corr 2024"]
[Source "ChessBase"]
[SourceDate "2023.10.19"]
[SourceVersion "1"]
[SourceVersionDate "2023.10.19"]
[SourceQuality "1"]

1. e4 c5 2. Nf3 Nc6 3. d4 cxd4 4. Nxd4 Nf6 5. Nc3 g6 6. Nxc6 dxc6 7. Qxd8+ Kxd8 8. Bc4 Ke8 9. e5 Nd7 10. e6 fxe6 11. Bxe6 Bg7 12. Be3 Nf8 13. Bb3 a5 14. 0-0-0 Bxc3 15. bxc3 a4 16. Bc4 Be6 17. Rd4 b5 18. Bxe6 Nxe6 19. Re4 Kf7 20. Re1 Rhd8 21. Bf4 Nxf4 22. Rxf4+ Ke8 23. Rh4 h5 24. Rhe4 Rd7 25. Re6 Kf7 26. Rxc6 Rad8 27. a3 Rd6 28. Rc5 Rd2 29. Rc7 R8d7 30. Rxd7 Rxd7 31. Re5 Rb7 32. Rc5 Rb6 33. c4 bxc4 34. Rxc4 Ra6 35. h4 Ra5 36. g3 Kf6 37. Rf4+ Ke6 38. Kd2 Kd5 39. Kd3 Ra6 40. f3 Ke6 41. Kc3 Ra7 42. Re4+ Kd5 43. Rd4+ Kc6 44. f4 Ra8 45. Re4 Kd7 46. Kb4 Kd6 47. Re5 e6 48. c4 Ra7 49. Ra5 Rb7+ 50. Kxa4 Rb1 51. Rg5 Re1 52. Rxg6 Rc1 53. Kb3 Rb1+ 54. Kc2 Ra1 55. Kb2 Rf1 56. a4 Kc5 57. Rxe6 Rf2+ 58. Kc3 Rf3+ 59. Kd2 Rxg3 60. f5 Kxc4 61. Re4+ Kd5 62. Rf4 Rg7 63. f6 Rf7 64. Ke3 Ke6 65. a5 Kd7 66. a6 Ke8 67. Rb4 1-0

[Event "LSS No Engine Cup 215 Final"]
[Site "LSS email"]
[Date "2021.09.19"]
[Round "?"]
[White "Mostowik, Daniel"]
[Black "Schleef, Harald"]
[Result "1-0"]
[WhiteElo "2016"]
[BlackElo "2373"]
[PlyCount "163"]
[EventDate "2021.09.19"]
[EventType "tourn (corr)"]
[EventRounds "6"]
[EventCountry "GER"]
[SourceTitle "Corr 2024"]
[Source "ChessBase"]
[SourceDate "2023.10.19"]
[SourceVersion "1"]
[SourceVersionDate "2023.10.19"]
[SourceQuality "1"]

1. e4 e6 2. d4 d5 3. Nd2 c5 4. Ngf3 Nf6 5. e5 Nfd7 6. c3 Be7 7. Bd3 Nc6 8. 0-0 a5 9. Re1 c4 10. Bc2 b5 11. Nf1 Nb6 12. Ng3 h6 13. b3 b4 14. Nh5 Kf8 15. Re3 g6 16. Nf6 a4 17. bxa4 bxc3 18. Nh4 Nd7 19. Qg4 g5 20. Nh5 Rg8 21. Nf3 Nb4 22. Rxc3 Nxc2 23. Rxc2 Rxa4 24. h3 Rg6 25. Be3 Ra3 26. Bc1 Ra4 27. Rb1 Qa5 28. Bd2 Qa7 29. Nh2 Ra3 30. Be3 Nb8 31. Qe2 Nc6 32. Ng4 Ke8 33. Rcb2 Qa4 34. Qe1 Qa5 35. Qc1 Kd8 36. Kh2 Qc3 37. Rc2 Qa5 38. Rcb2 Qa4 39. f4 Rxa2 40. fxg5 Bxg5 41. Bxg5+ hxg5 42. Qd2 Rxb2 43. Qxb2 Qa7 44. Qb5 Qb7 45. Qxb7 Bxb7 46. Rxb7 Nxd4 47. Rxf7 Kc8 48. Nhf6 c3 49. Nf2 c2 50. Nd3 Ne2 51. Ra7 c1Q 52. Nxc1 Nxc1 53. Ra6 Nd3 54. Rxe6 d4 55. Kg3 Rh6 56. Re8+ Kc7 57. Re7+ Kc6 58. Re6+ Kb7 59. Re7+ Kc6 60. Kg4 Nc5 61. Re8 d3 62. Rc8+ Kb5 63. Kf5 Rh4 64. e6 Rf4+ 65. Ke5 d2 66. Rd8 Rf1 67. e7 Re1+ 68. Kf5 d1Q 69. Rxd1 Rxe7 70. Rd2 Rg7 71. Ne4 Nb3 72. Rb2 Kc4 73. Nxg5 Rd7 74. h4 Rd5+ 75. Kg4 Rd4+ 76. Kg3 Rd5 77. Rf2 Nc5 78. Rf4+ Kb3 79. Kg4 Rd2 80. g3 Nd3 81. Rf5 Nf2+ 82. Rxf2 1-0

[Event "LSS No Engine Cup 212 Final"]
[Site "LSS email"]
[Date "2021.07.15"]
[Round "?"]
[White "Varas, Pablo"]
[Black "Mostowik, Daniel"]
[Result "1/2-1/2"]
[WhiteElo "2019"]
[BlackElo "1957"]
[PlyCount "30"]
[EventDate "2021.07.15"]
[EventType "tourn (corr)"]
[EventRounds "6"]
[EventCountry "GER"]
[SourceTitle "Corr 2024"]
[Source "ChessBase"]
[SourceDate "2023.10.19"]
[SourceVersion "1"]
[SourceVersionDate "2023.10.19"]
[SourceQuality "1"]

1. d4 Nf6 2. c4 e6 3. Nc3 Bb4 4. Nf3 0-0 5. Bg5 c5 6. e3 cxd4 7. exd4 d5 8. Rc1 Be7 9. cxd5 Nxd5 10. Bxe7 Nxe7 11. Bd3 Nd7 12. 0-0 b6 13. Be4 Rb8 14. d5 exd5 15. Bxd5 Nxd5 1/2-1/2

[Event "SM-2021-0-00447"]
[Site "LSS email"]
[Date "2021.06.23"]
[Round "?"]
[White "Mostowik, Daniel"]
[Black "Bordenave, Roberto"]
[Result "1/2-1/2"]
[WhiteElo "2225"]
[BlackElo "2268"]
[PlyCount "86"]
[EventDate "2021.04.30"]
[EventType "tourn (corr)"]
[EventRounds "6"]
[EventCountry "GER"]
[SourceTitle "Corr 2024"]
[Source "ChessBase"]
[SourceDate "2023.10.19"]
[SourceVersion "1"]
[SourceVersionDate "2023.10.19"]
[SourceQuality "1"]

1. d4 d5 2. c4 c6 3. cxd5 cxd5 4. Bf4 Nc6 5. e3 Nf6 6. Bd3 Bg4 7. Qb3 Na5 8. Qa4+ Bd7 9. Qc2 Nc6 10. Qd2 Rc8 11. Nc3 e6 12. Rc1 Nh5 13. Bg3 a6 14. Nf3 Nxg3 15. hxg3 g6 16. a3 Bg7 17. 0-0 0-0 18. b4 Qe7 19. Qa2 h5 20. Rc2 Na7 21. Rfc1 Rfd8 22. Qb3 Nc6 23. Be2 g5 24. Rd1 g4 25. Ne1 Bh6 26. Bf1 Kg7 27. Na4 Ra8 28. Nb6 Rab8 29. Nd3 Be8 30. Re1 Qf6 31. a4 Kg8 32. Rcc1 Ne7 33. Rc3 h4 34. Qd1 hxg3 35. Qxg4+ Qg6 36. Qxg6+ Nxg6 37. f4 Bf8 38. Nc5 Bd6 39. a5 Kg7 40. Bd3 Bb5 41. Bxb5 axb5 42. Rb3 Rh8 43. Nbd7 Ra8 1/2-1/2